مكتبة جامعة عجلون الوطنية

فهرس بحث المكتبة

Normal view MARC view
  • تاليف السرهيد، عارف محمد مفلح

Entry Personal Name

Number of records used in: 1

001 - CONTROL NUMBER

  • control field: 11298

003 - CONTROL NUMBER IDENTIFIER

  • control field: JO-AjAnu

005 - DATE AND TIME OF LATEST TRANSACTION

  • control field: 20230606072120.0

008 - FIXED-LENGTH DATA ELEMENTS

  • fixed length control field: 230606|| aca||aabn | a|a d

040 ## - CATALOGING SOURCE

  • Original cataloging agency: JO-AjAnu
  • Transcribing agency: JO-AjAnu

100 ## - HEADING--PERSONAL NAME

  • Personal name: تاليف السرهيد، عارف محمد مفلح

670 ## - SOURCE DATA FOUND

  • Source citation: Work cat.: (JO-AjAnu)5819: تاليف السرهيد، عارف محمد مفلح, author, المجمع الملكي لبحوث الحضارة الاسلامية(مؤسسة ال البيت) نشأتة، أهدافة، نشاطاتة